Quizzes
Events
Quiz Creation
Community
Videos
Private Events
Remove Ads
Sign In
Join for FREE
Feedback
Dark Mode
Quiz Categories
Sports
Geography
Music
Movies
Television
Just For Fun
Miscellaneous
History
Literature
Language
Science
Gaming
Entertainment
Religion
Holiday
For Kids
Quiz Lab
Recent
Popular Today
Quiz Kudos Today
Editor Picks
Curator Picks
Quizzes by...
Day
Popularity
Type
Ratings
Length
Year
Community
Subscriptions
Recent Discussions
Orange Saloon
Badges
Playlists
Quests
Create
Leaderboards
Showdown
Live 5
Trivia Bingo
Activity
Puzzle Library
Sporcle Events
Private Events
Virtual Trivia
Globe League
Become a Host
Pub Owners
SporcleCon
Opinionation
Our Games
Videos
Blog
Mobile Apps
Partnerships
Remove Ads and Go Orange
Feedback
Geography
Country
Landmarks
City
State
Population
World
Capital
Continent
Flags
Europe
Africa
Asia
South America
North America
Oceania
Border
Canada
United Kingdom
Topography
United States
Geography
Country
Landmarks
City
State
Population
World
Capital
Continent
Flags
Europe
Africa
Asia
South America
North America
Oceania
Border
Canada
United Kingdom
Topography
United States
Random Quiz
Search Sporcle
×
Quiz Lab
Quiz Lab
Geography
City
Type in answers that appear in a list
Type in answers that appear in a list
Classic
Best Score? Go Orange.
Most Cities >100k but None >1 million Stats
Can you name the countries with the most Cities >100k but none >1 million?
By
viator_mundi
10m
30 Questions
570 Plays
570 Plays
570 Plays
Comments
Comments
Give Quiz Kudos
Give Quiz Kudos
-
- Ratings
hide this ad
Replay
Link that replays current quiz
Next Quiz
Link to next quiz in quiz playlist
You Got
0%
They Got
Avg Score
65%
Avg Friend Score
Upgrade to see
Score Distribution
Jump to the score distribution portion of the page
Score
0/30
Timer
10:00
0
Plays Today
# of Cities >100,000
Country
% Correct
4
Norway
91.2%
7
Finland
90%
6
Switzerland
84.7%
9
New Zealand
81.8%
5
Lithuania
80.2%
7
Portugal
80.2%
3
Croatia
79.5%
27
Netherlands
76.3%
4
Panama
74.9%
16
Israel
74.9%
3
Bosnia-Herzegovina
71.2%
9
Oman
69.6%
11
Paraguay
69.1%
4
Nicaragua
66.7%
4
Albania
64.6%
# of Cities >100,000
Country
% Correct
3
Jamaica
64%
7
El Salvador
63.2%
11
Greece
61.6%
9
Benin
61.2%
10
Sri Lanka
61.1%
9
Tunisia
59.1%
5
Haiti
58.6%
3
Central African Republic
58.2%
3
Malawi
58.1%
5
Kuwait
57%
7
South Sudan
56.7%
4
Sierra Leone
52.3%
5
Bahrain
47.5%
3
Palestine
30.5%
3
Mauritius
26.7%
Quiz Playlist
Details
Report
Send in Message
Add To Playlist
Classic:
Type in answers that appear in a list
Quiz Source
Last Updated: Feb 16, 2017
Quiz Scoreboard
CHALLENGE
Sign Up to Join the Scoreboard
Show All
Scores
Hide
Comments
May contain spoilers
Recently Published
Movies - When Are They Set?
by FPL_Elf
Movies
5m
Popular People in 1961
by mucciniale
History
6m
1-10 Letter E Words III
by El_Dandy
Language
2m
More to Explore
Quiz From the Vault
Featured Blog Post
Where Did the Easter Bunny Come From?
hide this ad
You Might Also Like...
Tags
City Quiz
Country Quiz
100
100 000
million
none
Today's Top Quizzes in Geography
Browse Geography
hide this ad
Today's Top Quizzes in City
Browse City
Top Contributed Quizzes in Geography
1
Countries of the World - No Outlines Minefield
2
Top 25 Cities of France on a map
3
Closest Countries to UK A-Z
4
African Flag Reveal XLV
5
Blind Ultimate Minefield: USA
6
One Thing in Common: United Kingdom
7
Blind Secret Country CLXXXVIII
8
One Thing in Common: Asia
9
Find the US States - No Outlines
10
One Thing in Common: Geography
Explore More
Trending Topics
Marvel
Crossword
Anime
Harry Potter
NBA
Disney
Kpop
Song
Soccer
Country
WWE
Pokémon
The Office
NFL
Puzzle
hide this ad
More By:
viator_mundi
Quiz
Plays
Rating
Category
Featured
Created
20 Least Densely Populated Countries
114,319
4.35
Geography
Nov 11, 2013
10 Cities North of Cleveland (Blitz)
57,483
3.99
Geography
Apr 7, 2016
Top 10 European Cities by Name Length
35,367
4.42
Geography
Mar 31, 2015
Top 'S' Cities by State
30,409
4.35
Geography
Jan 15, 2014
20+ International Goals (UEFA)
14,321
4.76
Sports
Aug 20, 2015
Go to Creator's Profile
Score Distribution
Quiz Creator Spotlight
viator_mundi
Follow
Send a Message
Quizzes Created
-
Created Quiz Play Count
-
More By This Creator
Popular Quizzes Today
1
Find the US States - No Outlines Minefield
2
Find the Countries of Europe - No Outlines Minefield
3
The Countries of the World
4
Popular People in 1961
5
1-10 Letter E Words III
6
US States
7
Find the US States
8
One Thing in Common: World Cities II
More Geography Quizzes
Closest US Capitals to Boston, MA
Published
Trending Quizzes
Risky Map Clicking: Least Populous States A-Z
1-10 Letter F Words
1-10 Letter G Words
One Thing in Common: United Kingdom
Risky Map Clicking: Next State Alphabetically
Recently Updated
Leaping Animals
pecheneg
Reality TV Shows (A-Z)
bhenderson79
Rickey Henderson's Hall of Fame Teammates
pecheneg
Champions League XIs: Arsenal
pecheneg
Quick Pick: Celebrities in WWE's Hall of Fame
aduchscher
A-Z Keypad Blitz II
pecheneg
Multiple Oscar Actors
pecheneg
Mystery Phrase Blitz: Oscar 'Best Actors'
pecheneg
F. Scott Fitzgerald Novels
LTH
Pick 3 Villains
ddd62291
Trending Topics
Marvel
Harry Potter
Anime
Disney
Kpop
NBA
Crossword
Country
Puzzle
Song
The Office
Soccer
WWE
Pokémon
NFL
Your Account Isn't Verified!
In order to create a playlist on Sporcle, you need to verify the email address you used during registration. Go to your
Sporcle Settings
to finish the process.
Report this User
Report this user for behavior that violates our
Community Guidelines
.
Details:
Send Report
Go to the Sporcle.com Mobile Site →
Comments